Female Anime Characters Quiz Stats

 Plays Quiz not verified by Sporcle

Score 0/100 Timer 20:00
0 Plays Today
% Correct
Mikasa Ackerman
82.3%
Erza Scarlet
80.3%
Lucy Heartfilia
76.7%
Misa Amane
74.1%
Asuna Yuuki
71.9%
Maka Albarn
69.3%
Madoka Kaname
67.4%
Annie Leonhardt
66.5%
Lucy
66.3%
Rukia Kuchiki
64.4%
Shiro
62%
Haruhi Fujioka
61.3%
Sasha Braus
58.1%
Juvia Lockser
55.3%
Kanade Tachibana
54.4%
Tsubaki Nakatsukasa
52.9%
Sinon
52.7%
Yoko Littner
52.5%
Touka Kirishima
51.8%
Yuri Nakamura
49.9%
Rize Kamishiro
49.7%
Mirajane Strauss
49.7%
Chihiro Ogino
49.5%
Celty Sturluson
49%
Faye Valentine
48.8%
Leafa
46.4%
Yui
45.6%
Ryuko Matoi
45.4%
Hiyori Iki
44.9%
Gou Matsuoka
44.7%
Ed
42.3%
Elizabeth Midford
41.9%
Akane Tsunemori
40.8%
Yuki Cross
37.1%
% Correct
Satsuki Kiryuin
36.7%
Euphemia li Britannia
36.5%
Nia Teppelin
35.6%
Mako Makanshoku
35.6%
Kyoko Sakura
35.2%
Sayaka Miki
34.1%
Clare
33.7%
Shiemi Moriyama
33.5%
Saeko Busujima
32.6%
Junko Enoshima
32.6%
Nunnally vi Britannia
32.6%
Mirai Kuriyama
30.2%
Kyouko Kirigiri
29.6%
Bishamon
29.2%
Renge Houshakuji
27.2%
Nana
27%
Anri Sonohara
27%
Mey-Rin
26.6%
Nonon Jakuzure
25.5%
Hungary
24.8%
Dokuro
24.4%
Neko
23.8%
Yubaba
23.8%
Celestia Ludenberg
23.5%
Doll
22%
Beast
21.6%
Yuki
19.9%
Isuzu Sento
19.4%
Izumo Kamiki
18.4%
Nemu Kurotsuchi
17.9%
Echo
16%
Mitsuki Nase
14.7%
Anna Kushina
14.5%
Ran Mao
14.3%
% Correct
Yuuko Ichihara
14%
Kiyomi Takada
13.8%
Yayoi Kunizuka
12.7%
Hana
11.7%
Alice Maresato
11.4%
Tsugumi Harudori
11%
Dola
10.4%
Miho Amakata
10.2%
Fuyumi Yanagi
9.9%
Inami Mahiru
9.5%
Himiko
9.5%
Himawari Kunogi
9.1%
Sheeta
9.1%
Liz T Blood
8.6%
Anya Hepburn
7.8%
Ruka Souen
7.8%
Meme Tatane
7.1%
Jean
6.7%
Yui Kusanagi
6.7%
Muse
6.5%
Selvaria Bles
5.2%
Makina
4.8%
Alicia Melchiott
4.5%
Msyu
3.9%
Hana Oshiroi
2.4%
Makoto Saeki
2.2%
Cassandra Jill Warlock
2.2%
Sen Yarizui
2.2%
Razette
1.9%
Q
1.9%
Hiwako Funabashi
1.7%
Mimiko Katsuragi
1.5%

You're not logged in!

Compare scores with friends on all Sporcle quizzes.
OR
Log In

Sporcle TV

Today on Sporcle TV


Watch our educational content, quiz creation guides, and fun videos on Sporcle TV.

Show Comments

Extras

Top Quizzes Today


Score Distribution

Your Account Isn't Verified!

In order to create a playlist on Sporcle, you need to verify the email address you used during registration. Go to your Sporcle Settings to finish the process.

Report this User

Report this user for behavior that violates our Community Guidelines.

Details: